| 000 | 01001 a2200217 4500 | ||
|---|---|---|---|
| 001 | 32585 | ||
| 005 | 20260407155624.0 | ||
| 008 | 260407a1969 arg spa d | ||
| 003 | AR-UNSa-BCEJYS | ||
| 040 |
_aAR-UNSa-BCEJYS _bspa _cAR-UNSa-BCEJYS |
||
| 080 |
_a330.8 _xHistoria de las teorías, Doctrinas, Dogmas económicos (pensamiento económico) |
||
| 245 | 1 | 0 |
_aDiez grandes economistas _pde Marx a Keynes |
| 250 | _a2a. ed. | ||
| 264 | 1 |
_aMadrid : _bAlianza Editorial _c1969 |
|
| 300 |
_a446 p. _c18 cm. |
||
| 505 | _a1. Karl Marx (1818-1883). La doctrina marxista - 2. Marie Esprit Léon Walras (1834-1910) - 3. Carl Menger - 4. Alfred Marshall (1842-1924) - 5. Vilfredo Pareto (1848-19223) - 6. Eugen von Bohm-Bawerk (1851-1914) - 7. Frank William Taussig (1859-1940) - 8. Irving Fisher (1867-1947) - 9. Wesley Clair Mitchell (1874-1948) - 10. John Maynard Keynes (1883-1946) | ||
| 041 | _aspa | ||
| 942 | _cBK | ||
| 590 | _aniveau_biblio:m niveau_hierar:0 | ||
| 100 | 1 | _aSchumpeter, Joseph A. | |
| 999 |
_c2298 _d2298 |
||